Kỹ thuật điện lực tổng hợp

Sách hướng dẫn kỹ thuật điện lực tổng hợp như máy điện, mạch điện và hệ thống cấp điện giúp cho người sử dụng điện được an toàn và hiệu quả.

Đã lưu trong:
Sonraí Bibleagrafaíochta
Príomhúdar: Nguyễn, Văn Tuệ
Formáid: Leabhar
Teanga:Undetermined
Foilsithe: Thành phố Hồ Chí Minh Đại học Quốc gia Thành phố Hồ Chí Minh 2008
Ábhair:
Clibeanna: Cuir Clib Leis
Gan Chlibeanna, Bí ar an gcéad duine leis an taifead seo a chlibeáil!
Thư viện lưu trữ: Trung tâm Học liệu Trường Đại học Cần Thơ
LEADER 00910nam a2200205Ia 4500
001 CTU_159309
008 210402s9999 xx 000 0 und d
020 |c 32000 
082 |a 621.3 
082 |b T507/T.1 
100 |a Nguyễn, Văn Tuệ 
245 0 |a Kỹ thuật điện lực tổng hợp 
245 0 |c Nguyễn Văn Tuệ 
260 |a Thành phố Hồ Chí Minh 
260 |b Đại học Quốc gia Thành phố Hồ Chí Minh 
260 |c 2008 
520 |a Sách hướng dẫn kỹ thuật điện lực tổng hợp như máy điện, mạch điện và hệ thống cấp điện giúp cho người sử dụng điện được an toàn và hiệu quả. 
650 |a Electric angineering,Electric circuits,Electricity 
904 |i Bạch Trúc 
980 |a Trung tâm Học liệu Trường Đại học Cần Thơ